Library Banner

Poisonous plants of all countries. with the active, chemical principles which they contain; and the toxic symptoms produced by each group / (Record no. 124863)

MARC details
000 -LEADER
fixed length control field 00643nam a22001937a 4500
005 - DATE AND TIME OF LATEST TRANSACTION
control field 20211204114604.0
008 - FIXED-LENGTH DATA ELEMENTS--GENERAL INFORMATION
fixed length control field 211204b ||||| |||| 00| 0 eng d
020 ## - INTERNATIONAL STANDARD BOOK NUMBER
International Standard Book Number 9780344965647
040 ## - CATALOGING SOURCE
Transcribing agency PK-LaUMT
082 ## - DEWEY DECIMAL CLASSIFICATION NUMBER
Classification number 581.659
Item number BER-P
100 ## - MAIN ENTRY--PERSONAL NAME
Personal name Bernhard-Smith, Arthur
245 ## - TITLE STATEMENT
Title Poisonous plants of all countries. with the active, chemical principles which they contain; and the toxic symptoms produced by each group /
Statement of responsibility, etc by Arthur Bernhard-Smith
260 ## - PUBLICATION, DISTRIBUTION, ETC. (IMPRINT)
Place of publication, distribution, etc London :
Name of publisher, distributor, etc Bristol John Wright & Co.,
Date of publication, distribution, etc 1905
300 ## - PHYSICAL DESCRIPTION
Extent 88 p.
650 ## - SUBJECT ADDED ENTRY--TOPICAL TERM
Topical term or geographic name as entry element Poisonous plants
650 ## - SUBJECT ADDED ENTRY--TOPICAL TERM
Topical term or geographic name as entry element Harmful plants
650 ## - SUBJECT ADDED ENTRY--TOPICAL TERM
Topical term or geographic name as entry element Injurious plants
942 ## - ADDED ENTRY ELEMENTS (KOHA)
Koha item type Books
Holdings
Withdrawn status Lost status Damaged status Home library Current library Date acquired Full call number Barcode Date last seen Price effective from Koha item type Copy number
      UMT Health Sciences Campus UMT Health Sciences Campus 2021-12-04 581.659 BER-P 140039 2021-12-04 2021-12-04 Books  
      UMT Health Sciences Campus UMT Health Sciences Campus 2021-12-04 581.659 BER-P 140040 2021-12-04 2021-12-04 Books C.2
      UMT Health Sciences Campus UMT Health Sciences Campus 2021-12-04 581.659 BER-P 140041 2021-12-04 2021-12-04 Books C.3
      UMT Health Sciences Campus UMT Health Sciences Campus 2021-12-04 581.659 BER-P 140042 2021-12-04 2021-12-04 Books C.4
      UMT Health Sciences Campus UMT Health Sciences Campus 2021-12-04 581.659 BER-P 140043 2021-12-04 2021-12-04 Books C.5
      UMT Health Sciences Campus UMT Health Sciences Campus 2021-12-04 581.659 BER-P 140044 2021-12-04 2021-12-04 Books C.6
      UMT Health Sciences Campus UMT Health Sciences Campus 2021-12-04 581.659 BER-P 140045 2021-12-04 2021-12-04 Books C.7
      UMT Health Sciences Campus UMT Health Sciences Campus 2021-12-04 581.659 BER-P 140046 2021-12-04 2021-12-04 Books C.8
      UMT Health Sciences Campus UMT Health Sciences Campus 2021-12-04 581.659 BER-P 140047 2021-12-04 2021-12-04 Books C.9
      UMT Health Sciences Campus UMT Health Sciences Campus 2021-12-04 581.659 BER-P 140048 2021-12-04 2021-12-04 Books C.10